La galaxia Internet
Saved in:
| Hovedforfatter: | |
|---|---|
| Format: | Bog |
| Sprog: | spansk |
| Udgivet: |
Barcelona
Plaza & Janés
2001
|
| Udgivelse: | 1a. ed |
| Fag: | |
| Tags: |
Tilføj Tag
Ingen Tags, Vær først til at tagge denne postø!
|
MARC
| LEADER | 00000nam a2200000 a 4500 | ||
|---|---|---|---|
| 001 | UCK7169 | ||
| 003 | CL-VaPUC | ||
| 008 | 051111e20010000SP |||||||||||||||||spa|d | ||
| 020 | |a 8401341574 | ||
| 082 | 0 | 4 | |a 301 |b CAS |2 21 |
| 100 | |a Castells, Manuel |e autor |9 489680 | ||
| 245 | 1 | 3 | |a La galaxia Internet |
| 250 | |a 1a. ed | ||
| 300 | |a 316 p | ||
| 942 | |c BK | ||
| 945 | |d 20051111 00:00:00 |a cmena | ||
| 260 | |a Barcelona |b Plaza & Janés |c 2001 | ||
| 650 | 0 | |a Tecnología de la información |9 254825 | |
| 650 | 0 | |a Globalización |9 361930 | |
| 650 | 0 | |a Internet |9 254823 | |
| 650 | 0 | |a Cambio social |9 256857 | |
| 650 | 0 | |a Sociología urbana |9 268099 | |
| 583 | |a last modification |c 20051111 00:00:00 |k Rodrigo Vera | ||
| 999 | |c 315210 |d 315208 | ||
| 952 | |0 0 |1 0 |4 0 |6 301_000000000000000_CAS_2001 |7 0 |8 A |9 388185 |a BIBEDU |b BIBEDU |d 2019-11-22 |i 4178769 |o 301 CAS 2001 |p 4178769 |r 2019-11-22 |w 2019-11-22 |y BK |k EBA | ||